| 000 | 00701nam a22001577a 4500 | ||
|---|---|---|---|
| 003 | OSt | ||
| 005 | 20150908153130.0 | ||
| 008 | 150908b xxu||||| |||| 00| 0 eng d | ||
| 040 | _cRUA | ||
| 082 | _aAGR កែវ 1993 B007 Or.1 | ||
| 100 |
_9160 _aកែវ សារឿន |
||
| 245 | _aសិក្សាភាពធន់ទ្រំានៃពូជស្រូវចំនូន ៥០ ពូជចំពោះការបំផ្លាញនៃសត្វល្អិតក្នុងលក្ខខ័ណ្ឌស្តានីយ៍ការពារដំណាំស្ទឹងមានជ័យ | ||
| 260 |
_aPhnom Penh _bRUA _c1993 |
||
| 300 |
_a88p. _bill. _c29cm. |
||
| 942 |
_2ddc _cAGR |
||
| 999 |
_c141 _d141 |
||